000 00692nam a22001937a 4500
999 _c16273
_d16273
003 AR-CdUCM
008 190502b ||||| |||| 00| 0 spa d
040 _aMUNICIPALIDAD PROVINCIAL DEL CUSCO
_cBIBLIOTECA MUNICIPAL DEL CUSCO
082 _a201.09 /
_bV29
100 _aVarcl, Ladislav
_935623
245 _aEl cristianismo sus orígenes /
260 _aBuenos Aires :
_bCartago,
_c1967.
300 _a142 Paginas ;
_c20 cm.
505 _aContenido: La religión, su origen y desarrollo -- Las religiones politeístas orientales -- Las religiones filosóficas orientales ...
650 _aCristianismo
_92910
650 _aHistoria
_9136
942 _2ddc
_cLIBROS
945 _aacv
_d2019-05-02